Zahraničný obchod Estónska bakalárska práca

Uložené v:
Podrobná bibliografia
Hlavný autor: Sersenová, Gabriela
Korporativný autor: Fakulta medzinárodných vzťahov EU. Katedra medzinárodných ekonomických vzťahov a hospodárskej diplomacie
Ďalší autori: Baculáková, Kristína, 1988-
Médium: Kniha
Jazyk:Slovak
Vydavateľské údaje: Bratislava 2015
Tagy: Pridať tag
Žiadne tagy, Buďte prvý, kto otaguje tento záznam!

MARC

LEADER 00000nbm a2200000 4500
001 0206407
005 20161212095920.6
041 0 |a slo 
044 |a SK 
245 1 0 |a Zahraničný obchod Estónska  |b bakalárska práca  |c Gabriela Sersenová ; školiteľ: Kristína Baculáková 
264 1 |a Bratislava  |c 2015 
300 |a 63 s. 
100 1 |a Sersenová, Gabriela 
700 1 |a Baculáková, Kristína, 1988- 
710 2 |a Fakulta medzinárodných vzťahov EU. Katedra medzinárodných ekonomických vzťahov a hospodárskej diplomacie